| 000 | 00590nam a22001577a 4500 | ||
|---|---|---|---|
| 003 | OSt | ||
| 005 | 20151030151121.0 | ||
| 008 | 151030b xxu||||| |||| 00| 0 eng d | ||
| 040 | _cRUA | ||
| 082 | _aATM.s KEM 2004 B057 O.r | ||
| 100 |
_93070 _aKEM. VANDY. |
||
| 245 | _aManagemant of exploitation rubber tree at chup rubber plantation, ការគ្រប់គ្រងលើការងារអាជីវកម្មដំណាំកៅស៊ូនៅចំការកៅស៊ូជុប | ||
| 260 |
_aPhnom Penh _bRUA _c2004 |
||
| 300 |
_a67p. _bill. _c29cm. |
||
| 942 |
_2ddc _cATMSP |
||
| 999 |
_c2862 _d2862 |
||